| 000 | 00576nam a2200181 4500 | ||
|---|---|---|---|
| 008 | 020417s1981 enk 1 engLO | ||
| 020 | _a0042910161 | ||
| 090 |
_aBF1751 _bD63l |
||
| 245 | 1 | 0 |
_aDivination and oracles / _cedited by Michael Loewe and Carmen Blacker. |
| 260 |
_aLondon : _bGeorge Allen and Unwin, _cc1981. |
||
| 300 |
_a244 p. : _bills. |
||
| 500 | _a[Xerox copy] | ||
| 504 | _aIncludes index | ||
| 650 | 4 |
_aDivination _xHistory. |
|
| 700 | 1 | _aBlacker, Carmen | |
| 700 | 1 | _aLoewe, Michael | |
| 951 |
_p24864 _x00010267 _oBF1751/D63l _j070613111058203 _d2000-12-21 _cGC |
||
| 999 |
_c7266 _d7266 |
||